Technology transfer between east and west

Сохранить в:
Библиографические подробности
Главный автор: Zaleski, Eugene
Формат:
Язык:Undetermined
Опубликовано: Paris OECD 1980
Предметы:
Метки: Добавить метку
Нет меток, Требуется 1-ая метка записи!
Thư viện lưu trữ: Trung tâm Học liệu Trường Đại học Cần Thơ
LEADER 00470nam a2200181Ia 4500
001 CTU_86639
008 210402s9999 xx 000 0 und d
082 |a 338.91 
082 |b Z22 
100 |a Zaleski, Eugene 
245 0 |a Technology transfer between east and west 
245 0 |c Eugene Zaleski 
260 |a Paris 
260 |b OECD 
260 |c 1980 
650 |a Technology transfer 
904 |i Năm 
980 |a Trung tâm Học liệu Trường Đại học Cần Thơ